[Event "Vecindario Montalvo Memorial 14th"]
[Site "Vecindario"]
[Date "2022.09.10"]
[Round "8"]
[White "Dubois, Martine"]
[Black "Basualdo de Ornelas, Jorge"]
[Result "0-1"]
[WhiteElo "1781"]
[BlackElo "1543"]
[PlyCount "144"]
[EventDate "2022.09.04"]
[EventType "swiss"]
[EventRounds "9"]
[EventCountry "ESP"]
[SourceTitle "CBM 210 Extra"]
[Source "ChessBase"]
[SourceDate "2022.11.30"]
[SourceVersion "1"]
[SourceVersionDate "2022.11.30"]
[SourceQuality "1"]

1. e4 e5 2. Nf3 Nc6 3. Nc3 Nf6 4. g3 Bc5 5. Bg2 d6 6. d3 a5 7. 0-0 0-0 8. h3 a4 9. Bg5 h6 10. Bxf6 Qxf6 11. Nd5 Qd8 12. c3 a3 13. b4 Ba7 14. Nh4 Ne7 15. Nxe7+ Qxe7 16. Kh2 Qf6 17. Qd2 g5 18. Nf3 Kg7 19. Ne1 h5 20. Nc2 Bb6 21. Rae1 h4 22. Ne3 Bxe3 23. Rxe3 g4 24. f4 gxh3 25. Bxh3 Bxh3 26. Kxh3 Rh8 27. g4 exf4 28. Ref3 Raf8 29. Rxf4 Qe6 30. Rf5 f6 31. Rg1 Rf7 32. Kh2 Kf8 33. Rgf1 Rhh7 34. c4 h3 35. Qf4 Ke7 36. Rf3 b6 37. Qc1 Rhg7 38. Rg3 Rg6 39. Qxa3 Rfg7 40. Kxh3 Rh6+ 41. Kg2 Rgh7 42. Qa7 Rh2+ 43. Kf3 Kd7 44. Qa4+ Ke7 45. Qc6 Kd8 46. Rh5 Qf7 47. Qd5 Qg6 48. Rxh7 Qxh7 49. a4 Rd2 50. Ke3 Qh2 51. Qg8+ Kd7 52. Qf7+ Kc8 53. Qg8+ Kb7 54. Qd5+ Kc8 55. Rf3 Ra2 56. Qf5+ Kb7 57. Rf2 Qg1 58. Qf3 Qc1+ 59. Kd4 c5+ 60. Kd5 Qg5+ 61. Qf5 Rxf2 62. Qxg5 fxg5 63. bxc5 dxc5 64. e5 Kc7 65. a5 bxa5 66. Kxc5 Rd2 67. d4 a4 68. d5 a3 69. d6+ Kd7 70. Kb5 Rb2+ 71. Kc5 a2 72. Kd5 Rd2+ 0-1

[Event "Olympiad Women-44"]
[Site "Chennai"]
[Date "2022.08.05"]
[Round "7.1"]
[White "Leboela, Maboloko"]
[Black "Dubois, Martine"]
[Result "0-1"]
[WhiteElo "1253"]
[BlackElo "1782"]
[PlyCount "106"]
[EventDate "2022.07.29"]
[EventType "team-swiss"]
[EventRounds "11"]
[EventCountry "IND"]
[SourceTitle "CBM 210"]
[Source "ChessBase"]
[SourceDate "2022.10.31"]
[SourceVersion "1"]
[SourceVersionDate "2022.10.31"]
[SourceQuality "1"]
[WhiteTeam "Lesotho (W)"]
[BlackTeam "Monaco (W)"]
[WhiteTeamCountry "LES"]
[BlackTeamCountry "MNC"]

1. d4 d5 2. c4 dxc4 3. Qa4+ Qd7 4. Qxc4 Qc6 5. Qxc6+ Nxc6 6. Nf3 Bf5 7. a3 Nf6 8. Bg5 Ne4 9. Bf4 0-0-0 10. e3 e6 11. Bb5 Ne7 12. 0-0 Nd5 13. Ne5 Nd6 14. Ba4 f6 15. Nf3 g5 16. Bxd6 Bxd6 17. Nbd2 Bd3 18. Rfc1 Kb8 19. e4 Nf4 20. Bd1 Be7 21. Rc3 g4 22. Ne1 Be2 23. g3 Nh3+ 24. Kg2 Bxd1 25. Rxd1 Rxd4 26. Rd3 Rxd3 27. Nxd3 Rd8 28. Nf1 Ng5 29. Ne3 Nxe4 30. Nf4 Rxd1 31. Nxd1 Ng5 32. Ne3 f5 33. h4 gxh3+ 34. Nxh3 Kc8 35. Nf4 Kd7 36. Nc4 Bf6 37. b4 b5 38. Ne3 Kd6 39. Nd3 Bd4 40. Nc2 Bb6 41. f4 Ne4 42. Ne5 Nf6 43. Nf7+ Kd5 44. Nd8 c5 45. Nb7 c4 46. Kf3 h5 47. Na5 Bxa5 48. bxa5 c3 49. Ke3 Kc4 50. a6 Nd5+ 51. Ke2 Kb3 52. Nd4+ Kb2 53. Kd3 Nc7 0-1

[Event "Tetraktys Concept Mgmt"]
[Site "Europe Echecs INT"]
[Date "2021.06.06"]
[Round "6"]
[White "Dubois, Martine"]
[Black "Zanin, Sylvie"]
[Result "1-0"]
[WhiteElo "1780"]
[BlackElo "1001"]
[PlyCount "47"]
[EventDate "2021.06.06"]
[EventType "swiss (blitz)"]
[EventRounds "11"]
[EventCountry "FRA"]
[SourceTitle "CBM 202 Extra"]
[Source "ChessBase"]
[SourceDate "2021.07.31"]
[SourceVersion "1"]
[SourceVersionDate "2021.07.31"]
[SourceQuality "1"]

1. e4 e5 2. Nf3 Nc6 3. Nc3 d6 4. h3 Nge7 5. d4 f5 6. dxe5 Nxe5 7. Nxe5 dxe5 8. Qxd8+ Kxd8 9. Bg5 h6 10. 0-0-0+ Ke8 11. Be3 f4 12. Bc5 Be6 13. Be2 g5 14. Bh5+ Bf7 15. Bg4 h5 16. Bd7+ Kd8 17. Bc6+ Kc8 18. Bd7+ Kd8 19. Rd2 c6 20. Rhd1 Kc7 21. Bf5 Bg6 22. Rd7+ Kc8 23. Rxe7+ Kb8 24. Bd6# 1-0

[Event "Europe Echecs Blitz May op"]
[Site "Europe Echecs INT"]
[Date "2021.05.09"]
[Round "11"]
[White "Cheminade, Paulin"]
[Black "Dubois, Martine"]
[Result "1-0"]
[WhiteElo "1306"]
[BlackElo "1780"]
[PlyCount "95"]
[EventDate "2021.05.09"]
[EventType "swiss (blitz)"]
[EventRounds "11"]
[EventCountry "FRA"]
[SourceTitle "CBM 202 Extra"]
[Source "ChessBase"]
[SourceDate "2021.07.31"]
[SourceVersion "1"]
[SourceVersionDate "2021.07.31"]
[SourceQuality "1"]

1. e4 e5 2. Nf3 d5 3. Nc3 dxe4 4. Nxe4 f5 5. Nxe5 fxe4 6. Qh5+ g6 7. Nxg6 Nf6 8. Qe5+ Kf7 9. Nxh8+ Kg7 10. Nf7 Kxf7 11. Bc4+ Kg7 12. Qg5+ Kh8 13. 0-0 Bd6 14. d3 Nc6 15. b3 Be5 16. Rb1 Bxh2+ 17. Kxh2 Ng4+ 18. Kg1 Qxg5 19. Bxg5 exd3 20. f3 h6 21. Bxd3 hxg5 22. fxg4 Be6 23. Rbe1 Bxg4 24. Rf7 Kg8 25. Rxc7 Rb8 26. Kh2 Bh5 27. Bc4+ Kh8 28. Bd3 Bg4 29. Rh7+ Kg8 30. Rc7 a6 31. a3 Bh5 32. b4 Bf7 33. a4 Nxb4 34. Ree7 Rf8 35. Rxb7 Nxd3 36. cxd3 Kg7 37. Rxf7+ Kg6 38. Rxf8 Kh5 39. d4 Kg4 40. d5 a5 41. d6 Kh5 42. d7 Kg6 43. d8Q Kh5 44. Rh8+ Kg4 45. Qd7+ Kf4 46. Qf7+ Ke3 47. Qe6+ Kf4 48. Rf8# 1-0

[Event "Europe Echecs Blitz May op"]
[Site "Europe Echecs INT"]
[Date "2021.05.09"]
[Round "2"]
[White "Dubois, Martine"]
[Black "Doluhanova, Evgeniya"]
[Result "0-1"]
[WhiteElo "1780"]
[BlackElo "2207"]
[PlyCount "138"]
[EventDate "2021.05.09"]
[EventType "swiss (blitz)"]
[EventRounds "11"]
[EventCountry "FRA"]
[SourceTitle "CBM 202 Extra"]
[Source "ChessBase"]
[SourceDate "2021.07.31"]
[SourceVersion "1"]
[SourceVersionDate "2021.07.31"]
[SourceQuality "1"]

1. e4 e5 2. Nf3 Nc6 3. Nc3 Nf6 4. g3 Bb4 5. Bg2 Bxc3 6. dxc3 Nxe4 7. Nxe5 Nxe5 8. Bxe4 0-0 9. 0-0 d6 10. h3 Re8 11. Bg2 Bf5 12. Kh2 Qd7 13. f4 Ng6 14. g4 Be4 15. Bxe4 Rxe4 16. Re1 Rae8 17. Bd2 Qe7 18. Rxe4 Qxe4 19. Kg3 f5 20. Qf1 Qe7 21. Re1 Qh4+ 22. Kg2 Rxe1 23. Bxe1 Qf6 24. Qc4+ Qf7 25. Qxf7+ Kxf7 26. Bd2 Ke6 27. Kf3 c6 28. g5 Ne7 29. Ke3 g6 30. Kd4 Nd5 31. c4 c5+ 32. Kd3 Ne7 33. Bc3 b6 34. Bf6 Nc6 35. h4 Nb4+ 36. Kc3 Nxa2+ 37. Kb3 Nb4 38. c3 Nc6 39. Kc2 d5 40. cxd5+ Kxd5 41. Kd3 c4+ 42. Ke3 b5 43. Bg7 a5 44. Bf8 b4 45. cxb4 axb4 46. Kd2 Ke4 47. Bd6 Kf3 48. Bc7 Kg4 49. Ke3 Kxh4 50. Bd6 Kg4 51. Bf8 c3 52. bxc3 bxc3 53. Bd6 c2 54. Kd2 Nd4 55. Ba3 Kxf4 56. Kd3 Ne6 57. Kxc2 Kg4 58. Bc1 Nxg5 59. Kd1 f4 60. Ke1 Kf3 61. Kf1 Ne4 62. Kg1 g5 63. Kh1 g4 64. Kg1 h5 65. Kh1 h4 66. Kh2 g3+ 67. Kh1 h3 68. Kg1 h2+ 69. Kh1 Nf2# 0-1

[Event "C'Chartres Blitz op April"]
[Site "Europe Echecs INT"]
[Date "2021.04.10"]
[Round "9"]
[White "Burssens, Maya"]
[Black "Dubois, Martine"]
[Result "0-1"]
[WhiteElo "1076"]
[BlackElo "1780"]
[PlyCount "54"]
[EventDate "2021.04.10"]
[EventType "swiss (blitz)"]
[EventRounds "11"]
[EventCountry "FRA"]
[SourceTitle "CBM 201 Extra"]
[Source "ChessBase"]
[SourceDate "2021.05.31"]
[SourceVersion "1"]
[SourceVersionDate "2021.05.31"]
[SourceQuality "1"]

1. e4 e5 2. Nf3 d5 3. exd5 e4 4. Ng1 Qxd5 5. Nc3 Qe5 6. Bb5+ c6 7. Ba4 Nf6 8. Bb3 Bd6 9. Nge2 0-0 10. Ng3 Bg4 11. f3 exf3+ 12. Kf2 Bc5+ 13. Kf1 fxg2+ 14. Kxg2 Bxd1 15. Rxd1 Nd5 16. d3 Nf4+ 17. Kf3 Ng6 18. Bd2 Qf6+ 19. Kg2 Qf2+ 20. Kh3 Nf4+ 21. Kg4 h5+ 22. Kh4 Qxh2+ 23. Kg5 Qxg3+ 24. Kf5 g6+ 25. Ke5 Nd7+ 26. Ke4 Rae8+ 27. Be6 Rxe6# 0-1

[Event "C'Chartres Blitz op April"]
[Site "Europe Echecs INT"]
[Date "2021.04.10"]
[Round "1"]
[White "Ivanchuk, Vassily"]
[Black "Dubois, Martine"]
[Result "1-0"]
[WhiteElo "2678"]
[BlackElo "1780"]
[PlyCount "39"]
[EventDate "2021.04.10"]
[EventType "swiss (blitz)"]
[EventRounds "11"]
[EventCountry "FRA"]
[SourceTitle "CBM 201 Extra"]
[Source "ChessBase"]
[SourceDate "2021.05.31"]
[SourceVersion "1"]
[SourceVersionDate "2021.05.31"]
[SourceQuality "1"]

1. c4 c5 2. Nf3 Nc6 3. d4 cxd4 4. Nxd4 g6 5. e4 Bg7 6. Be3 e6 7. Nc3 d6 8. Ndb5 Bf8 9. Bf4 e5 10. Be3 a6 11. Na3 Be6 12. Qd2 Bg7 13. Rd1 Qa5 14. Nc2 Rd8 15. Be2 Nge7 16. 0-0 0-0 17. b4 Qc7 18. Nd5 Bxd5 19. cxd5 Na7 20. Bxa7 1-0

[Event "Cappelle Online (Women) op"]
[Site "Europe Echecs INT"]
[Date "2021.03.08"]
[Round "4"]
[White "Dubois, Martine"]
[Black "Fischer, Julie"]
[Result "0-1"]
[WhiteElo "1780"]
[BlackElo "2071"]
[PlyCount "84"]
[EventDate "2021.03.08"]
[EventType "swiss (blitz)"]
[EventRounds "11"]
[EventCountry "FRA"]
[SourceTitle "CBM 201 Extra"]
[Source "ChessBase"]
[SourceDate "2021.05.31"]
[SourceVersion "1"]
[SourceVersionDate "2021.05.31"]
[SourceQuality "1"]

1. e4 d5 2. exd5 Qxd5 3. Nf3 Qd8 4. Bc4 Nf6 5. 0-0 g6 6. d4 Bg7 7. c3 0-0 8. Re1 b6 9. Bf4 Bb7 10. Nbd2 Nbd7 11. Ne5 c5 12. Ndf3 cxd4 13. Nxd4 Nxe5 14. Bxe5 Rc8 15. Bb3 Nd5 16. Bxg7 Kxg7 17. Qe2 e6 18. Rad1 Nf4 19. Qe5+ Qf6 20. Qxf6+ Kxf6 21. f3 a6 22. Nc2 Rfd8 23. Ne3 Ke7 24. Nc4 Rxd1 25. Rxd1 Nd5 26. Kf2 b5 27. Ne3 Nxe3 28. Kxe3 Rc6 29. a4 Rd6 30. axb5 axb5 31. Rd4 Rxd4 32. Kxd4 Kd6 33. c4 bxc4 34. Bxc4 h5 35. b4 h4 36. b5 h3 37. gxh3 Bxf3 38. Bd3 Bb7 39. Be4 e5+ 40. Kd3 Bxe4+ 41. Kxe4 f5+ 42. Ke3 Kc5 0-1

[Event "Cappelle Online Blitz op"]
[Site "Europe Echecs INT"]
[Date "2021.03.07"]
[Round "3"]
[White "Babanin, Gleb"]
[Black "Dubois, Martine"]
[Result "1-0"]
[WhiteElo "2142"]
[BlackElo "1780"]
[PlyCount "79"]
[EventDate "2021.03.07"]
[EventType "swiss (blitz)"]
[EventRounds "11"]
[EventCountry "FRA"]
[SourceTitle "CBM 201 Extra"]
[Source "ChessBase"]
[SourceDate "2021.05.31"]
[SourceVersion "1"]
[SourceVersionDate "2021.05.31"]
[SourceQuality "1"]

1. e4 e5 2. Nf3 d5 3. Nxe5 Bd6 4. d4 dxe4 5. Nc4 Nf6 6. Bg5 0-0 7. Nc3 Re8 8. Be2 c6 9. Nxd6 Qxd6 10. Qd2 Bf5 11. Nd1 Nbd7 12. Ne3 Bg6 13. 0-0 Nd5 14. c4 Nf4 15. Bg4 Ne6 16. Bh4 Nxd4 17. Rad1 c5 18. Nc2 f5 19. Nxd4 cxd4 20. Qxd4 Qxd4 21. Rxd4 Ne5 22. Be2 Rac8 23. Rfd1 Nd3 24. b3 Nb2 25. R1d2 Nd3 26. Bxd3 exd3 27. f4 Re2 28. R4xd3 Rce8 29. Rxe2 Rxe2 30. Rd8+ Kf7 31. Rd7+ Ke8 32. Rxg7 Rxa2 33. Re7+ Kf8 34. Rxb7 a5 35. c5 Bh5 36. c6 Ra1+ 37. Kf2 Ra2+ 38. Ke3 Re2+ 39. Kd3 Rxg2 40. c7 1-0

[Event "Cappelle Online Blitz op"]
[Site "Europe Echecs INT"]
[Date "2021.03.07"]
[Round "5"]
[White "Poschadel, Andreas Gregor"]
[Black "Dubois, Martine"]
[Result "1-0"]
[WhiteElo "2061"]
[BlackElo "1780"]
[PlyCount "73"]
[EventDate "2021.03.07"]
[EventType "swiss (blitz)"]
[EventRounds "11"]
[EventCountry "FRA"]
[SourceTitle "CBM 201 Extra"]
[Source "ChessBase"]
[SourceDate "2021.05.31"]
[SourceVersion "1"]
[SourceVersionDate "2021.05.31"]
[SourceQuality "1"]

1. e4 e5 2. Nf3 d5 3. Nxe5 Bd6 4. d4 dxe4 5. Bc4 Bxe5 6. dxe5 Qxd1+ 7. Kxd1 Nc6 8. Bf4 Bg4+ 9. Ke1 0-0-0 10. Nc3 f5 11. exf6 Nxf6 12. h3 Bh5 13. g4 Bg6 14. Rd1 Nd4 15. Bb3 Rhe8 16. Be3 Nxb3 17. axb3 Rxd1+ 18. Kxd1 b6 19. Ke2 c5 20. Rd1 Rd8 21. Rxd8+ Kxd8 22. Bg5 Kd7 23. Ke3 Ke6 24. Bxf6 gxf6 25. Nxe4 Ke5 26. f4+ Kd5 27. Nxf6+ Kd6 28. f5 Ke5 29. fxg6 Kxf6 30. gxh7 Kg7 31. Ke4 Kxh7 32. Kd5 Kg6 33. Kc6 Kf6 34. Kb7 b5 35. Kxa7 c4 36. bxc4 bxc4 37. Kb6 1-0

[Event "Cappelle Online Blitz op"]
[Site "Europe Echecs INT"]
[Date "2021.03.07"]
[Round "1"]
[White "Sonis, Francesco"]
[Black "Dubois, Martine"]
[Result "1-0"]
[WhiteElo "2477"]
[BlackElo "1780"]
[PlyCount "83"]
[EventDate "2021.03.07"]
[EventType "swiss (blitz)"]
[EventRounds "11"]
[EventCountry "FRA"]
[SourceTitle "CBM 201 Extra"]
[Source "ChessBase"]
[SourceDate "2021.05.31"]
[SourceVersion "1"]
[SourceVersionDate "2021.05.31"]
[SourceQuality "1"]

1. d4 d5 2. c4 dxc4 3. e3 a6 4. Bxc4 e6 5. Nf3 Nf6 6. 0-0 Nbd7 7. b3 c5 8. Bb2 Qc7 9. Nbd2 b5 10. Be2 Bb7 11. a4 b4 12. Rc1 Qb8 13. dxc5 Bxc5 14. Nc4 0-0 15. Na5 Bd5 16. Bxf6 gxf6 17. e4 Bxe4 18. Qxd7 Rd8 19. Nc6 Rxd7 20. Nxb8 Rxb8 21. Rxc5 Bd5 22. Bc4 Bxc4 23. Rxc4 e5 24. h4 Rd3 25. Rb1 a5 26. h5 h6 27. Nh4 Rd4 28. Rxd4 exd4 29. Rd1 Rd8 30. Rd3 Rd5 31. g4 Rc5 32. Nf5 Rc3 33. Rxc3 bxc3 34. Nxd4 Kg7 35. Kf1 f5 36. Nxf5+ Kf6 37. Ke2 Kg5 38. f3 Kf4 39. Nxh6 c2 40. Kd2 f5 41. gxf5 Kxf3 42. f6 1-0

[Event "Ville d'Orsay online Blitz"]
[Site "Europe Echecs INT"]
[Date "2021.02.07"]
[Round "6"]
[White "Efremov, Vladislav"]
[Black "Dubois, Martine"]
[Result "1-0"]
[WhiteElo "2158"]
[BlackElo "1780"]
[PlyCount "41"]
[EventDate "2021.02.07"]
[EventType "swiss (blitz)"]
[EventRounds "11"]
[EventCountry "FRA"]
[SourceTitle "CBM 200 Extra"]
[Source "ChessBase"]
[SourceDate "2021.03.31"]
[SourceVersion "1"]
[SourceVersionDate "2021.03.31"]
[SourceQuality "1"]

1. d4 d5 2. c4 dxc4 3. Nf3 Nf6 4. Qa4+ Qd7 5. Qxc4 Qc6 6. Nbd2 Bf5 7. e3 e6 8. Ne5 Qxc4 9. Bxc4 Bd6 10. f4 c6 11. Be2 Bb4 12. g4 Be4 13. Rg1 Nd5 14. Kf2 Bxd2 15. Bxd2 f6 16. Nc4 Ke7 17. g5 Nd7 18. gxf6+ Kxf6 19. Nd6 Bg6 20. e4 Ne7 21. e5+ 1-0